| 000 | 00624cam a2200145 4500500 | ||
|---|---|---|---|
| 005 | 20260208010540.0 | ||
| 041 | _afre | ||
| 042 | _adc | ||
| 100 | 1 | 0 |
_aLassègue, Monique _eauthor |
| 245 | 0 | 0 | _aMonique Dixsaut (dir.) (collab. Pierre-Marie Morel et Karine Tordo-Rombaut), La connaissance de soi. Études sur le traité 49 de Plotin, Paris, Vrin, 2002, 326 p. |
| 260 | _c2005. | ||
| 500 | _a32 | ||
| 786 | 0 | _nRevue philosophique de la France et de l'étranger | 130 | 1 | 2005-03-01 | p. 77zl-130zl | 0035-3833 | |
| 856 | 4 | 1 | _uhttps://shs.cairn.info/revue-philosophique-2005-1-page-77zl?lang=fr&redirect-ssocas=7080 |
| 999 |
_c1657077 _d1657077 |
||